MDQL
is popping MORE tags! Check the
thread
!
Quizzes
Events
Quiz Creation
Community
Videos
Private Events
Remove Ads
Sign In
Join for FREE
Feedback
Dark Mode
Quiz Categories
Sports
Geography
Music
Movies
Television
Just For Fun
Miscellaneous
History
Literature
Language
Science
Gaming
Entertainment
Religion
Holiday
For Kids
Quiz Lab
Recent
Popular Today
Quiz Kudos Today
Editor Picks
Curator Picks
Quizzes by...
Day
Popularity
Type
Ratings
Length
Year
Community
Subscriptions
Recent Discussions
Orange Saloon
Badges
Playlists
Quests
Create
Leaderboards
Showdown
Live 5
Trivia Bingo
Activity
Puzzle Library
Sporcle Events
Private Events
Virtual Trivia
Globe League
Become a Host
Pub Owners
SporcleCon
Opinionation
Our Games
Videos
Blog
Mobile Apps
Partnerships
Remove Ads and Go Orange
Feedback
Sports
Athletes
MLB
NBA
NHL
NFL
Soccer
Sports Teams
WWE
NCAA
Football
Premier League
Basketball
Baseball
Hockey
Golf
Tennis
Cricket
Rugby
Auto Racing
Olympics
World Cup
Sports
Athletes
MLB
NBA
NHL
NFL
Soccer
Sports Teams
WWE
NCAA
Football
Premier League
Basketball
Baseball
Hockey
Golf
Tennis
Cricket
Rugby
Auto Racing
Olympics
World Cup
Random Quiz
Search Sporcle
×
Quiz Lab
Quiz Lab
Sports
Olympics
Type in answers that appear in a list
Type in answers that appear in a list
Classic
Best Score? Go Orange.
GB's London 2012 Olympics medal winners Stats
Can you name the medal winners for Team GB at the London 2012 Olympics?
By
Marshall89
10m
69 Questions
3,690 Plays
3,690 Plays
3,690 Plays
Comments
Comments
Give Quiz Kudos
Give Quiz Kudos
-
- Ratings
hide this ad
More Info
Replay
Link that replays current quiz
Next Quiz
Link to next quiz in quiz playlist
You Got
0%
They Got
Avg Score
52%
Avg Friend Score
Upgrade to see
Score Distribution
Jump to the score distribution portion of the page
Score
0/69
Timer
10:00
0
Plays Today
Medal
Athlete
% Correct
Gold
Mo Farah
94.5%
Gold
Mo Farah
94.5%
Gold
Jessica Ennis
93.4%
Gold
Philip Hindes, Sir Chris Hoy, Jason Kenny
92.7%
Gold
Sir Chris Hoy
91.3%
Silver
Laura Robson, Andy Murray
90.9%
Gold
Andy Murray
90.9%
Gold
Bradley Wiggins
88.5%
Gold
Greg Rutherford
87.7%
Gold
Alistair Brownlee
81.6%
Gold
Dani King, Joanna Rowsell, Laura Trott
81.1%
Gold
Jason Kenny
80.2%
Gold
Laura Trott
80.2%
Bronze
Sam Oldham, Dan Purvis, Louis Smith, Kristian Thomas, Max Whitlock
80.2%
Bronze
Jonny Brownlee
80%
Silver
Samantha Murray
78.3%
Silver
Victoria Pendleton
78%
Gold
Victoria Pendleton
78%
Silver
Louis Smith
77.3%
Gold
Nicola Adams
76.4%
Bronze
Tom Daley
73.8%
Gold
Jade Jones
73.6%
Silver
Nicola Wilson, Mary King, Zara Phillips, Tina Cook, William Fox-Pitt
71.8%
Gold
Ben Ainslie
71.2%
Bronze
Rebecca Adlington
71%
Bronze
Rebecca Adlington
71%
Gold
Anthony Joshua
66.8%
Bronze
Team GB Women's Hockey Team
61.4%
Gold
Anna Watkins, Katherine Grainger
57.3%
Gold
Carl Hester, Laura Bechtolsheimer, Charlotte Dujardin
54.4%
Gold
Charlotte Dujardin
53.6%
Bronze
Max Whitlock
53.1%
Gold
Steven Burke, Ed Clancy, Peter Kennaugh, Geraint Thomas
52.8%
Bronze
Beth Tweddle
52.2%
Bronze
Chris Froome
51.7%
Medal
Athlete
% Correct
Silver
Christine Ohuruogu
49.4%
Gold
Peter Wilson
48.6%
Medal Count
29
47.7%
Gold
Luke Campbell
44.6%
Gold
Helen Glover & Heather Stanning
42.7%
Medal Count
17
42.3%
Medal Count
19
41.9%
Medal Count
65
41.2%
Bronze
Ed Clancy
40.2%
Bronze
Alan Campbell
39.7%
Gold
Alex Gregory, Pete Reed, Tom James, Andrew Triggs Hodge
37.1%
Bronze
Anthony Ogogo
34.2%
Gold
Scott Brash, Peter Charles, Ben Maher, Nick Skelton
32.4%
Silver
Michael Jamieson
31.6%
Silver
Lizzie Armitstead
31.4%
Bronze
Robert Grabarz
31.4%
Gold
Tim Baillie, Etienne Stott
29.4%
Silver
Gemma Gibbons
29.4%
Silver
David Florence, Richard Hounslow
27.1%
Gold
Ed McKeever
26.4%
Bronze
Lutalo Muhammad
26.3%
Bronze
Alex Partridge, James Foad, Tom Ransley, Ric Egington, Mohamed Sbihi, Greg Searle, Matt Langridge, Constantine Louloudis, Phelan Hill
23.3%
Gold
Katherine Copeland, Sophie Hosking
23%
Silver
Zac Purchase, Mark Hunter
22.4%
Bronze
Laura Bechtolsheimer
22.1%
Silver
Fred Evans
19.2%
Silver
Iain Percy, Andrew Simpson
17.2%
Silver
Richard Chambers, Rob Williams, Peter Chambers, Chris Bartley
16.9%
Silver
Hannah Mills, Saskia Clark
13.9%
Silver
Nick Dempsey
12.1%
Bronze
Karina Bryant
11.7%
Bronze
Liam Heath, Jon Schofield
11.4%
Silver
Luke Patience, Stuart Bithell
8.8%
Bronze
George Nash, Will Satch
8.7%
Quiz Playlist
Details
Report
Send in Message
Add To Playlist
More Info:
Team GB's record medal haul at an Olympic games. Name the winners.
Classic:
Type in answers that appear in a list
Quiz Source
Last Updated: Feb 16, 2017
Quiz Scoreboard
CHALLENGE
Sign Up to Join the Scoreboard
Show All
Scores
Hide
Comments
May contain spoilers
Recently Published
Find the 'City' Movie
by crazypaving
Movies
60s
5x2 Blitz: Bands
by SL_Kpop136
Music
30s
Colored Red Africa Blitz
by spor1
Geography
30s
More to Explore
Quiz From the Vault
Featured Blog Post
14 Easter Pick-up Lines to Find Eggs With
hide this ad
You Might Also Like...
Tags
Olympics Quiz
Great Britain
London 2012
Medal Winners
Today's Top Quizzes in Sports
Browse Sports
hide this ad
Today's Top Quizzes in Olympics
Browse Olympics
Top Contributed Quizzes in Sports
1
Players with Multiple 50 Home Run Seasons
2
Criteria MLB: Left Handed Sluggers
3
MLB Players with Two .350 Batting Average Seasons
4
Who Hit More Homers?
5
Premier League Clubs since 2000 (minefield)
6
Who Needs Fielders?
7
2020 F1 Drivers Logic Puzzle
8
Les entraîneurs de l'OM et du PSG au 21e siècle
9
Top 10 NHL Goal Scorers of All Time
10
MLB Hall of Famer by Rings
Explore More
Trending Topics
Harry Potter
Marvel
Crossword
Kpop
Anime
NBA
Disney
Song
NFL
Pokémon
Country
Puzzle
The Office
Soccer
WWE
hide this ad
More By:
Marshall89
Quiz
Plays
Rating
Category
Featured
Created
Premier League Scorers per Team (2012-13)
14,602
4.59
Sports
Mar 10, 2013
La Liga Champions XIs since 1996/97 season
13,630
4.23
Sports
Jun 15, 2013
Leading Premier League scorers (Still Playing in Prem)
12,681
4.24
Sports
Sep 3, 2012
EPL 100: Best Premier League Players 2013/14
10,675
2.60
Sports
Aug 16, 2013
Premier League's Brazil Internationals
10,018
4.54
Sports
Oct 1, 2012
Go to Creator's Profile
Score Distribution
Quiz Creator Spotlight
Marshall89
Follow
Send a Message
Quizzes Created
-
Created Quiz Play Count
-
More By This Creator
Popular Quizzes Today
1
Colored Red Africa Blitz
2
Find the 'City' Movie
3
5x2 Blitz: Bands
4
Find the US States - No Outlines Minefield
5
The Countries of the World
6
Find the US States
7
US States
8
9x9 Crossword: Cartoon Network
More Sports Quizzes
NHL MVP Reveal XI
Quiz Lab
Trending Quizzes
Colored Red Europe Blitz I
Colored Red Africa Blitz II
Colored Red Europe Blitz II
Colored Red Europe Blitz III
Colored Red Africa Blitz III
Recently Updated
Champions League XIs: Real Madrid
pecheneg
Largest US Cities 1790-2010
pecheneg
Rides in Walt Disney World
pecheneg
Most Oscar Losses (Acting)
pecheneg
Beyoncé Albums
pecheneg
Leaping Animals
pecheneg
Reality TV Shows (A-Z)
bhenderson79
Rickey Henderson's Hall of Fame Teammates
pecheneg
Champions League XIs: Arsenal
pecheneg
Quick Pick: Celebrities in WWE's Hall of Fame
aduchscher
Trending Topics
NBA
Kpop
Marvel
Harry Potter
Anime
Crossword
Disney
NFL
Puzzle
WWE
Soccer
Pokémon
Country
Song
The Office
Your Account Isn't Verified!
In order to create a playlist on Sporcle, you need to verify the email address you used during registration. Go to your
Sporcle Settings
to finish the process.
Report this User
Report this user for behavior that violates our
Community Guidelines
.
Details:
Send Report
Go to the Sporcle.com Mobile Site →
Comments